00438nam a2200145Ia 450000500170000000800410001710000170005824500390007526000130011430000100012765000170013794200070015499900150016195201160017620260328101509.0260328s9999||||xx |||||||||||||| ||und|| aLe Corbusier 0aU.N. Headquarters /cLe Corbusier bReinhold a80 p. aARQUITECTURA cBK c9137d9137 001040708GENaGPCbGPCcGENd2026-03-28i2975l0o720 C 8113 cp2975r2026-03-28 15:15:09t1w2026-03-28yBK